| 000 | 01134nam a22003017a 4500 | ||
|---|---|---|---|
| 001 | BD-DhSAU 8849 | ||
| 003 | BD-DhSAU | ||
| 005 | 20181212101156.0 | ||
| 008 | 150420b2017 bg ||||| m||| 00| 0 eng d | ||
| 040 | _aBD-DhSAU | ||
| 082 |
_222 _a635 _bAr338 |
||
| 100 |
_eRegistration # 11-04373 _a Arephin , Alpona |
||
| 245 |
_aEffect of sowing time and Mulches on growth and yield of Garlic (Allium sativum) / _bMS thesis _c Arephin , Alpona |
||
| 260 |
_aSher-e-Bangla Agricultural University : _bDepartment of Horticulture, _c2017 |
||
| 300 |
_aviii, 60 p. : _c30 cm. _bill. ; |
||
| 500 | _aMS thesis of Department of Horticulture, Faculty of Agriculture, Sher-e-Bangla Agricultural University, Dhaka | ||
| 504 | _aIncludes bibliographical reference. | ||
| 590 | _aShofi | ||
| 650 | _aHorticulture | ||
| 650 | _aEffect | ||
| 650 | _aSowing time | ||
| 650 | _aMulches | ||
| 650 | _aGarlic (Allium sativum) | ||
| 700 |
_aKhatun , Khaleda _eSuperviser |
||
| 700 |
_a Mostarin , Tahmina _eCo-superviser |
||
| 856 |
_uhttp://archive.saulibrary.edu.bd:8080/xmlui/handle/123456789/111 _yOnline Access |
||
| 942 |
_2ddc _cTHESIS |
||
| 999 |
_c14409 _d14408 |
||